Việt Nam di tích và thắng cảnh = Vienam attractive landscapes and vestiges

Đã lưu trong:
Bibliografiske detaljer
Format: Bog
Sprog:Undetermined
Udgivet: Hà Nội VHTT 2000
Fag:
Tags: Tilføj Tag
Ingen Tags, Vær først til at tagge denne postø!
Thư viện lưu trữ: Trung tâm Học liệu Trường Đại học Cần Thơ
LEADER 00469nam a2200157Ia 4500
001 CTU_40646
008 210402s9999 xx 000 0 und d
082 |a 915.97 
082 |b V308 
245 0 |a Việt Nam di tích và thắng cảnh 
245 0 |b = Vienam attractive landscapes and vestiges 
260 |a Hà Nội 
260 |b VHTT 
260 |c 2000 
650 |a vietnam - description and travel 
980 |a Trung tâm Học liệu Trường Đại học Cần Thơ